Incorreciones del castellano
Salvato in:
| Autore principale: | |
|---|---|
| Natura: | Libro |
| Lingua: | spagnolo |
| Pubblicazione: |
Santiago
Imprenta Barcelona
1894
|
| Edizione: | 1a. ed |
| Soggetti: | |
| Tags: |
Aggiungi Tag
Nessun Tag, puoi essere il primo ad aggiungerne!!
|
MARC
| LEADER | 00000nam a2200000 a 4500 | ||
|---|---|---|---|
| 001 | UCJ6426 | ||
| 003 | CL-VaPUC | ||
| 008 | 070124e18940000CL |||||||||||||||||spa|d | ||
| 082 | 0 | 4 | |a 460 |b GUE |2 21 |
| 100 | 0 | |a Guevara, Tomás |e author |9 504561 | |
| 245 | 1 | 0 | |a Incorreciones del castellano |
| 250 | |a 1a. ed | ||
| 300 | |a 268 p | ||
| 942 | |c BK | ||
| 945 | |d 20070124 00:00:00 |a rinostro | ||
| 260 | |a Santiago |b Imprenta Barcelona |c 1894 | ||
| 500 | |a La copia 1 se encuentra junto a otras monografías en un volumen rotulado 400 Va. La copia 2 se encuentra en volumen separado | ||
| 650 | 0 | |a Filología |9 321245 | |
| 650 | 7 | |a GRAMATICA CASTELLANA |2 CL-VaPUC |9 513062 | |
| 650 | 0 | |a Chilenismos |9 306533 | |
| 650 | 0 | |a Sintaxis |9 318843 | |
| 583 | |a last modification |c 20070124 00:00:00 |k Rodrigo Vera | ||
| 999 | |c 322531 |d 322529 | ||
| 952 | |0 0 |1 0 |4 0 |6 460_000000000000000_GUE_1894 |7 0 |8 X |9 401540 |a FDOBUD |b FDOBUD |d 2019-11-22 |i 1047892 |o 460 GUE 1894 |p 1047892 |r 2019-11-22 |w 2019-11-22 |y BK_X |k BUD | ||
| 952 | |0 0 |1 0 |4 0 |6 460_000000000000000_GUE_1894 |7 0 |8 X |9 401541 |a FDOBUD |b FDOBUD |d 2019-11-22 |i 1053922 |o 460 GUE 1894 |p 1053922 |r 2019-11-22 |w 2019-11-22 |y BK_X |k BUD | ||